The romance of heavenly princess, (Record no. 1656)

MARC details
000 -LEADER
fixed length control field 00984cam a2200313u 4500
001 - CONTROL NUMBER
control field data
005 - DATE AND TIME OF LATEST TRANSACTION
control field 20260322212111.0
008 - FIXED-LENGTH DATA ELEMENTS--GENERAL INFORMATION
fixed length control field data
035 ## - SYSTEM CONTROL NUMBER
System control number 10128348
010 ## - LIBRARY OF CONGRESS CONTROL NUMBER
LC control number 21016322
035 ## - SYSTEM CONTROL NUMBER
-- (DLC) 21016322
040 ## - CATALOGING SOURCE
Original cataloging agency DLC
Transcribing agency CarP
Modifying agency DLC
043 ## - GEOGRAPHIC AREA CODE
Geographic area code n-us---
-- f------
-- n-us---
050 00 - LIBRARY OF CONGRESS CALL NUMBER
Classification number BV3705.D6
Item number A3
100 1# - MAIN ENTRY--PERSONAL NAME
Personal name Doering, Bertha Charlotta,
Dates associated with a name 1890-
245 14 - TITLE STATEMENT
Title The romance of heavenly princess,
260 ## - PUBLICATION, DISTRIBUTION, ETC.
Place of publication, distribution, etc. Los Angeles, Calif.,
Name of publisher, distributor, etc. The "Trust in God" publishing house
Date of publication, distribution, etc. [1921]
300 ## - PHYSICAL DESCRIPTION
Extent 167 p.
Other physical details front. (port.) illus. (incl. port.)
Dimensions 20 cm.
336 ## - CONTENT TYPE
Content type term text
Content type code txt
Source rdacontent
337 ## - MEDIA TYPE
Media type term unmediated
Media type code n
Source rdamedia
338 ## - CARRIER TYPE
Carrier type term volume
Carrier type code nc
Source rdacarrier
650 #0 - SUBJECT ADDED ENTRY--TOPICAL TERM
Topical term or geographic name entry element Missions
Geographic subdivision Africa.
650 #0 - SUBJECT ADDED ENTRY--TOPICAL TERM
Topical term or geographic name entry element Missions
Geographic subdivision Alaska.
650 #0 - SUBJECT ADDED ENTRY--TOPICAL TERM
Topical term or geographic name entry element Missions
Geographic subdivision Florida.
650 #0 - SUBJECT ADDED ENTRY--TOPICAL TERM
Topical term or geographic name entry element Missions
Geographic subdivision Sweden.
906 ## - LOCAL DATA ELEMENT F, LDF (RLIN)
a 0
b cbc
c premunv
d u
e ncip
f 19
g y-gencatlg
991 ## -
-- c-GenColl
-- BV3705.D6
-- A3
-- Copy 1
-- PREM
Holdings
Withdrawn status Lost status Damaged status Not for loan Home library Current library Shelving location Date acquired Total checkouts Full call number Barcode Date last seen Price effective from Koha item type
        Institut Protestant de Théologie Institut Protestant de Théologie General stacks 22/03/2026   BV3705.D6 LOC-IPT-00047 22/03/2026 22/03/2026 Books